| 000 | nam a22 4500 | ||
|---|---|---|---|
| 999 |
_c8836 _d8836 |
||
| 008 | 180314b ||||| |||| 00| 0 eng d | ||
| 100 |
_926797 _aPanaligan, Rey G. |
||
| 245 |
_aParents, teachers' group asks SC to act on K-12 petition/ _cRey G. Panaligan |
||
| 260 |
_aPhilippines _bManila Bulletin _cc2016 |
||
| 300 | _apage 4. | ||
| 650 | 0 |
_926798 _aEducation. |
|
| 942 |
_2ddc _cPER |
||